Towards understanding Islam

Bibliographic Details
Main Author: Abul A'la Mawdudi
Other Authors: Khurshid Ahmad
Format: Book
Published: Kuala Lumpur : A.S.Noordeen , 1985
Subjects:

MARC

LEADER 00000cam a2200000 7i4500
001 0000005300
002 000005725
005 20030613.0
020 |a 0860370534 
090 0 0 |a 297   |b ABU 
100 0 |a Abul A'la Mawdudi 
245 1 0 |a Towards understanding Islam   |c Abu Ala Mawdudi ; translated and edited by Khurshid Ahmad 
260 |a Kuala Lumpur :   |b A.S.Noordeen ,   |c 1985 
300 |a 116p. ;   |c 21cm. 
650 0 0 |a Islamic education 
700 0 |a Khurshid Ahmad 
999 |a 00153489   |b BUKU   |c PINJAMAN   |e PERPUSTAKAAN KOMUNITI PETALING JAYA